000 00639nam a2200277Ia 4500
005 20260324150658.0
008 008 260324s9999 xx 000 0 eng d
020 _a9781315007021
037 _aEBOOK
040 _aCRL
040 _beng
040 _cCRL
041 _2eng
041 _aeng
084 _qCRL
100 _aSheila Patterson
_91191615
245 0 _aColour and Culture in South Africa
260 _bTaylor and Francis
260 _c1953
365 _a
365 _b300
856 _uhttp://www.taylorfrancis.com/books/9781315007021
942 _cEBOOK
999 _c1837127
_d1837127